Statistics for Rock-Type Pokemon Moves

Click here to take the quiz!

General Stats

  • This quiz has been taken 715 times
  • The average score is 12 of 15

Answer Stats

CategoryDescriptionMove% Correct
PhysicalInflicts damageRock Throw
87%
PhysicalMay cause flinchRock Slide
86%
StatusChanges weather; only Rock, Ground, Steel types immuneSandstorm
86%
StatusLays a trap, hurts opponents that switch inStealth Rock
85%
PhysicalLasts 5 turns, gets stronger with each consecutive hitRollout
84%
PhysicalHits 2-5 timesRock Blast
83%
SpecialMay raise all user's stats +1Ancient Power
81%
StatusSpeed +2Rock Polish
80%
PhysicalHigh critical hit ratioStone Edge
77%
PhysicalInflicts damage, Speed -1Rock Tomb
75%
PhysicalFlying Pokemon fall to the ground when hitSmack Down
73%
StatusProtects team from wide-ranging attacks 1 turnWide Guard
71%
PhysicalRecoil damageHead Smash
68%
PhysicalRecharge timeRock Wrecker
62%
SpecialInflicts damagePower Gem
56%

Score Distribution

Percentile by Number Answered

Percent of People with Each Score

Your Score History

You have not taken this quiz